| 000 | 00954nam a22002537a 4500 | ||
|---|---|---|---|
| 003 | URS | ||
| 005 | 20260223164111.0 | ||
| 008 | 260218t2024 ph ||||| |||| 001 0 eng d | ||
| 020 | _a9786210450781 | ||
| 040 |
_aDLC _beng _cDLC _dDLC _dURS _erda |
||
| 082 |
_a808.042 _bB6409 2024 |
||
| 100 |
_aDomingo-Bondoc, Maureen, _eauthors. |
||
| 245 |
_aTeaching and assessment of literature studies / _cMaureen Domingo-Bondoc, Rodolfo Grefiel Reyes II, authors; Greg Tabios Pawilen, coordinator. |
||
| 264 |
_aSampaloc, Manila: _bRex Book Store, Inc., _c[2024] |
||
| 300 |
_axiv, 198 pages; _c26 cm. |
||
| 336 |
_2rdacontent _atext _btxt |
||
| 337 |
_2rdamedia _aunmediated _bn |
||
| 338 |
_2rdacarrier _avolume _bnc |
||
| 504 | _aIncludes bibliographical references (page 189-192), and indexes. | ||
| 650 | _aLiterature -- Study and teaching. | ||
| 700 |
_aReyes II, Rodolfo Grefiel, _eauthors. |
||
| 700 |
_aPawilen, Greg Tabios, _ecoordinator. |
||
| 942 |
_2ddc _cF |
||
| 999 |
_c98759 _d98756 |
||